| 000 | 01119nam a2200265Ia 4500 | ||
|---|---|---|---|
| 003 | Ost | ||
| 005 | 20260507075123.0 | ||
| 008 | 260507s9999||||xx |||||||||||||| ||und|| | ||
| 020 | _a9882379960 | ||
| 040 | _cfsecg | ||
| 041 | _aara | ||
| 082 | _a330 | ||
| 100 |
_aبري، زين العابدين بن عبد الله _eمؤلف |
||
| 245 | 0 |
_aخصخصة المشروعات العامة : _bمنضور اقتصادي / _c زين العابدين بن عبد الله بري |
|
| 260 |
_aالرياض: _bالنشر العلمي والمطابع, _c2005 |
||
| 300 |
_a229 صفحة؛ _bإيضاحات ؛ _c24 سم |
||
| 520 | _aالأساس النظري لخصخصة المشروعات العامة-خصخصة قطاعي النقل والإتصالات؛خصخصة المنافع العامة:الماء والكهرباء-خصخصة الخدمات العامة:التعليم والصحة | ||
| 653 | _aالأسعار | ||
| 653 | _aالإنتاج | ||
| 653 | _aالسوق | ||
| 653 | _aالصحة | ||
| 653 | _aالمشروعات العامة | ||
| 653 | _aخصخصة الكهرباء | ||
| 942 | _cكتاب | ||
| 999 |
_c43101 _d43101 |
||